000
00266nam a2200109Ia 4500
008
240625s9999 xx 000 0 und d
041
_a
eng
082
_a
658.15 CHA
100
_a
CHANDRA PRASANNA
245
_a
FINANCIAL MANAGEMENT THEORY AND PRACTICE
260
_c
2011
999
_c
35009
_d
35009